Jordan First Level Subdivisions - Statistics

General Stats
  • This quiz has been taken 191 times
  • The average score is 6 of 12
Answer Stats
Muhāfazāt % Correct
Amman
96%
Aqaba
57%
Ma'an
57%
Zarqa
57%
Irbid
54%
Jerash
50%
Ajloun
48%
Madaba
46%
Balqa
45%
Mafraq
45%
Karak
43%
Tafilah
39%
No matching quizzes found
Score Distribution
Percent of People with Each Score
Percentile by Number Answered
Your Score History
You have not taken this quiz